Noem de Duitse Hanzesteden - Sudden Death - Statistieken

Algemene statistieken
  • Deze quiz is 16 keer genomen
  • De gemiddelde score is 11 van 27
Answers on the Grid
Answers color-coded by a green-red scale on the quiz's grid according to % correct below.
Lübeck
München
Gardelegen
Berlin
Rostock
Osterburg
Wipperfürth
Ulm
Stuttgart
Werben
Seehausen
Stendal
Salzwedel
Würzburg
Salzburg
Stralsund
Wismar
Stade
Greifswald
Havelberg
Warburg
Jena
Heilbronn
Lüneburg
Mannheim
Bremen
Demmin
Anklam
Wiesbaden
Hamburg
Attendorn
Breckerfeld
Medebach
Korbach
Herford
Buxtehude
Uelzen
 
Antwoordstatistieken
Antwoord % Correct
Lübeck
91%
Hamburg
82%
Bremen
73%
Rostock
64%
Buxtehude
55%
Lüneburg
55%
Attendorn
45%
Greifswald
45%
Havelberg
45%
Osterburg
45%
Stade
45%
Stendal
45%
Anklam
36%
Warburg
36%
Gardelegen
36%
Salzwedel
36%
Seehausen
36%
Stralsund
36%
Uelzen
36%
Wipperfürth
36%
Wismar
36%
Demmin
27%
Werben
27%
Breckerfeld
18%
Herford
18%
Korbach
18%
Medebach
18%
Geen overeenkomende quizzen gevonden
Scoreverdeling
Procent van Mensen met Elke Score
Percentiel versus Aantal Correcte Antwoorden
Uw Scoregeschiedenis
U heeft deze quiz nog niet genomen